What integrated services need to keep them working (Record no. 13609)

MARC details
000 -LEADER
fixed length control field 01081cab a2200217 4500
001 - CONTROL NUMBER
control field ABS39961
008 - FIXED-LENGTH DATA ELEMENTS--GENERAL INFORMATION
fixed length control field 090401t1988 xxu||||| |||| 00| 0 eng d
035 ## - SYSTEM CONTROL NUMBER
System control number (Sirsi) u20313
041 ## - LANGUAGE CODE
Language code of text/sound track or separate title eng
100 ## - MAIN ENTRY--PERSONAL NAME
Personal name Pengilly, R.
245 ## - TITLE STATEMENT
Title What integrated services need to keep them working
260 ## - PUBLICATION, DISTRIBUTION, ETC.
Date of publication, distribution, etc. 1988
350 ## - PRICE (NR) (BK AM CF MU VM SE) [OBSOLETE]
Price 0
490 ## - SERIES STATEMENT
Series statement Building Services & Environmental Engineer
Volume/sequential designation 11(3) November 1988, 11
520 ## - SUMMARY, ETC.
Summary, etc. Over recent years there have been dramatic changes in office buildings with the development of computer systems integrated with complex information communication networks, building automation and environmental systems. Therefore, it is even more important that these increasingly sophisticated buildings are kept working. In this paper, the author outlines how this can be successfully achieved with reference to one particular approach, total facilities management (TFM).
650 ## - SUBJECT ADDED ENTRY--TOPICAL TERM
Topical term or geographic name entry element Block management
9 (RLIN) 6220
650 ## - SUBJECT ADDED ENTRY--TOPICAL TERM
Topical term or geographic name entry element MANAGEMENT-BUSINESS MANAGEMENT-INFORMATION MANAGEMENT
690 ## - LOCAL SUBJECT ADDED ENTRY--TOPICAL TERM (OCLC, RLIN)
Topical term or geographic name as entry element Block management
9 (RLIN) 6220
942 ## - ADDED ENTRY ELEMENTS (KOHA)
Suppress in OPAC 0
948 ## - LOCAL PROCESSING INFORMATION (OCLC); SERIES PART DESIGNATOR (RLIN)
c (OCLC) 04/03/1997
Holdings
Withdrawn status Lost status Source of classification or shelving scheme Damaged status Not for loan Home library Current library Shelving location Date acquired Total Checkouts Full call number Barcode Date last seen Copy number Price effective from Koha item type
    Dewey Decimal Classification     London London Journal article 14/09/1999   ABS39961 20313-1001 06/08/2019 1 06/08/2019 Journal article